Kinh tế tỉnh Đăk Lăk giai đoạn 2004-2009 : Những thành tựu và thách thức /

Đã lưu trong:
Sonraí Bibleagrafaíochta
Príomhúdar: Lê Văn Nhất.
Formáid: Bài viết
Teanga:Vietnamese
Ábhair:
Clibeanna: Cuir Clib Leis
Gan Chlibeanna, Bí ar an gcéad duine leis an taifead seo a chlibeáil!
Thư viện lưu trữ: Thư viện Trường Đại học Đà Lạt
LEADER 00883nam a2200241 4500
001 DLU170180277
005 ##20170705
040 # # |a DLU  |b vie 
041 # # |a vie 
044 # # |a vn 
100 # # |a Lê Văn Nhất. 
245 # # |a Kinh tế tỉnh Đăk Lăk giai đoạn 2004-2009 :  |b Những thành tựu và thách thức /  |c Lê Văn Nhất. 
653 # # |a Kinh tế tỉnh Đăk Lăk  
653 # # |a Thực trạng kinh tế tỉnh Đăk Lăk giai đoạn 2004-2009  
773 # # |t Tạp chí Khoa học Đại học Sư phạm TP. Hồ Chí Minh: Khoa học xã hội và nhân văn   |g Số 35(69), 2012, tr. 115-122 
920 # # |a Phòng Tạp chí -- Trung tâm Thông tin - Thư viện Trường Đại học Đà Lạt 
900 # # |a True 
911 # # |a Nguyễn Thị Thu Phương 
925 # # |a G 
926 # # |a A 
927 # # |a BB 
980 # # |a Thư viện Trường Đại học Đà Lạt